Asian Countries With More Vowels Than Consonants In Their Name - Statistics

General Stats
  • This quiz has been taken 35 times
  • The average score is 5 of 7
Answer Stats
Answer % Correct
Indonesia
94%
India
88%
Saudi Arabia
72%
Malaysia
66%
Syria
50%
Georgia
44%
Armenia
41%
No matching quizzes found
Score Distribution
Percent of People with Each Score
Percentile by Number Answered
Your Score History
You have not taken this quiz